LEADER 01106nam a2200277 i 4500 001 000000157343 003 CaOOAMICUS 005 20070105000000.0 008 070105s1962 it u000 u ita u 013 $a134699 040 $aSeMil$bita 100 1 $aBorges, Jorge Luis,$d<1899-1986>.$0(OLS)http://semarc/name/6250 245 10$aManuale di zoologia fantastica /$cJorge Luis Borges [e] Margarita Guerrero ; traduzione di Franco Lucentini. 260 $aTorino :$bEinaudi,$c1962. 300 $a163 p. ;$c20 cm. 490 0 $aI coralli ;$v160 500 $aFondo Ciprandi. 700 1 $aLucentini, Franco,$d<1920-2002>.$0(OLS)http://semarc/name/18448 700 1 $aGuerrero, Margarita.$0(OLS)http://semarc/name/61423 830 2$aI coralli ;$v160.$0(OLS)http://semarc/title/6904 850 $aSeMil 852 $aSeMil$W1$xVenegono$y1$m1U I 71$j109029$B109029$CSeMilBibl$Z2$F118553 $81 941 1 $a1 961 $aOmaggio: Ciprandi dott. Paolo 996 $6245$aManuale di zoologia fantastica$9(OLS)http://semarc/title/230712 996 $6260$aTorino :$bEinaudi$9(OLS)http://semarc/publisher/29884 LEADER 01217nam a2200229 i 4500 001 000000245526 003 CaOOAMICUS 005 20230201110355.0 008 151008s1806 it u000 u ita u 013 $a224431 026 $alemo o.ia i.he C*de (3) 1806 (R) - [*= oe] 040 $aSeMil$bita 245 10$aVisita de vescovi alle chiese della lor Diocesi, Discorsi varj sopra la Passione di Nostro Signore Gesł Cristo, sopra la Divozione di Maria Vergine, ed altri Brevi ne' Funerali de defunti, con un'intero Ottavario pe' morti. 300 $a324 p. 500 $aSegn.: A-N12 O6 773 0 $tBiblioteca per li parrochi e cappellani di campagna. Tomo 1. [-15.].$dIn Venezia : Nella Stamperia Eredi Baglioni, 1806.$bSesta edizione$g15$w()32631 850 $aSeMil 852 $aSeMil$W1$xVenegono$y1$m3G I 122 FA$j195872$B195872$CSeMilBibl$Z2$F206579 $8I 941 1 $a10 961 $aRecupero: Mantegazza 996 $6245$aVisita de vescovi alle chiese della lor Diocesi, Discorsi varj sopra la Passione di Nostro Signore Gesł Cristo, sopra la Divozione di Maria Vergine, ed altri Brevi ne' Funerali de defunti, con un'intero Ottavario pe' morti$9(OLS)http://semarc/title/347170